Normal view
MARC view
- Muhammad Adnan (00000206332)
Entry Personal Name
001 - CONTROL NUMBER
- control field: 116559
003 - CONTROL NUMBER IDENTIFIER
- control field: NUST
005 - DATE AND TIME OF LATEST TRANSACTION
- control field: 20230912170007.0
008 - FIXED-LENGTH DATA ELEMENTS
- fixed length control field: 230912|| aca||aabn | a|a d
040 ## - CATALOGING SOURCE
- Original cataloging agency: NUST
- Transcribing agency: NUST
100 ## - HEADING--PERSONAL NAME
- Personal name: Muhammad Adnan (00000206332)
670 ## - SOURCE DATA FOUND
- Source citation: Work cat.: (NUST): Muhammad Adnan (00000206332), Numerical Analysis in Enhancement of Heat Transfer with Pin Fins using Peripheral Protrusions /, 2021
